| 000 | 00546nam a22001937a 4500 | ||
|---|---|---|---|
| 005 | 20241206135415.0 | ||
| 008 | 241206b ||||| |||| 00| 0 eng d | ||
| 040 | _cAL | ||
| 041 | _aEnglish | ||
| 082 |
_223 _a301.054 _bKRIS |
||
| 100 |
_aMidhila Krishnan _9188312 |
||
| 245 | _aSociology: Indian Society | ||
| 260 |
_aBengaluru _bMPP House _c2023 |
||
| 300 |
_a462 p. _bPB _c23x15 cm. |
||
| 365 |
_a1060 _b₹507.35 _c₹ _d₹695.00 _e27% _f28-11-2024 |
||
| 650 |
_aSociology _9188313 |
||
| 700 |
_aKRISHNAN (Midhila) _9188314 |
||
| 942 |
_2ddc _cBK |
||
| 999 |
_c232208 _d232208 |
||